000 003200000a22001210004500
005 20120302062725.0
942 _cBOOK
100 _a
_a
_b
_c
245 _a MULYADHISHTIT SHIKSHAN
260 _aMAHARASHTRA RAJYA STARIYA MULYADHISHTIT SHIKSHAN PARISHAD ,2001
040 _aMAR
650 _aSANKIRNA / AHAWAL / SHIKSHAN
999 _c357488
_d357485